000 00383nam a2200157Ia 4500
008 230312s9999||||xx |||||||||||||| ||und||
020 _a0-471-39382-7
082 _a005.3
_bSHA-W
100 _aSharma;Chetan
245 0 _aWirless Internet Enterprise Applications
260 _bWILEY
_aUK
_c2001
300 _a236
546 _aEng.
650 _aManagement
_vNetworking
942 _cBK
999 _c6964
_d6964